书目信息 |
| 题名: |
中国共产党章程
|
|
| 作者: | ||
| 分册: | ||
| 出版信息: | 北京 人民出版社 2022.10 |
|
| 页数: | 69页 | |
| 开本: | 22cm | |
| 丛书名: | ||
| 单 册: | ||
| 中图分类: | D21 | |
| 科图分类: | ||
| 主题词: | 中国共产党 | |
| 电子资源: | ||
| ISBN: | 978-7-01-025152-3 | |
| 000 | 00471nam0 2200181 450 | |
| 001 | 2333241389 | |
| 005 | 20251215171119.47 | |
| 010 | @a978-7-01-025152-3@b精装@dCNY12.00 | |
| 100 | @a20230531d2022 km y0chiy0120 ea | |
| 101 | 0 | @achi |
| 102 | @aCN@b110000 | |
| 200 | 1 | @a中国共产党章程 |
| 210 | @a北京@c人民出版社@d2022.10 | |
| 215 | @a69页@d22cm | |
| 606 | 0 | @a中国共产党 |
| 690 | @aD21@v4 | |
| 801 | 0 | @aCN@b大连网信软件有限公司图书馆·11@c20251215 |
| 905 | @aZUCC@dD21@e226 | |
| 中国共产党章程.-北京:人民出版社,2022.10 |
| 69页;22cm |
| ISBN 978-7-01-025152-3(精装):CNY12.00 |
| ● |
| 相关链接 |
|
|
|
|
正题名:中国共产党章程
索取号:D21/226
 
预约/预借
| 序号 | 登录号 | 条形码 | 馆藏地/架位号 | 状态 | 备注 |
| 1 | 1052805 | 210528053 | 第一样本阅览室/ [索取号:D21/226] | 在馆 | |
| 2 | 1442072 | 214420722 | 第一借阅区/ [索取号:D21/226] | 在馆 |